000 00870nam a2200253Ia 4500
003 OSt
005 20220923225040.0
006 a|||||r|||| 00| 0
007 ta
008 220922b |||||||| |||| 00| 0 hin d
024 _a255,759
037 _cTextual
040 _aARTS
_cARTS
_bhin
041 _2hin
_ahin
082 _aQ1:2:g, 152L2
100 _aचौबे, व्रजाबहारी
245 0 _aवैदिक वाड् मय
_b एक अनुशीलन
246 _aVaidik vāḍ.maya: ek anushīlana
260 _aहोशियारपुर
_b कात्यायन वैदिक साहित्य प्रकाशन
_c1972
300 _a234पृ.
_ccm.
650 _aधर्म
942 _hQ1:2:g, 152L2
_cTEXL
_2CC
999 _c375699
_d375699